Alemania contra el mundo / (Record no. 29787)
[ view plain ]
| 000 -LEADER | |
|---|---|
| campo de control de longitud fija | 00586nam a2200181 i 4500 |
| 001 - NÚMERO DE CONTROL | |
| campo de control | 29787 |
| 003 - IDENTIFICADOR DE NÚMERO DE CONTROL | |
| campo de control | ES-MaACL |
| 007 - CAMPO FIJO DE DESCRIPCIÓN FÍSICA--INFORMACIÓN GENERAL | |
| campo de control de longitud fija | t| |
| 008 - DATOS DE LONGITUD FIJA--INFORMACIÓN GENERAL | |
| campo de control de longitud fija | 030122s1916 ag ||||1| spa d |
| 100 1# - ENTRADA PRINCIPAL--NOMBRE DE PERSONA | |
| Nombre de persona | Barroetaveña, Francisco A. |
| 9 (RLIN) | 26036 |
| 245 10 - MENCIÓN DEL TÍTULO | |
| Título | Alemania contra el mundo / |
| Mención de responsabilidad, etc. | por Francisco A. Barroetaveña ; prólogo biográfico por el poeta Pedro B. Palacios. |
| 260 ## - PUBLICACIÓN, DISTRIBUCIÓN, ETC. | |
| Lugar de publicación, distribución, etc. | Buenos Aires : |
| Nombre del editor, distribuidor, etc. | Otero, |
| Fecha de publicación, distribución, etc. | 1916. |
| 300 ## - DESCRIPCIÓN FÍSICA | |
| Extensión | XII, 639 p., 1 lám. ; |
| Dimensiones | 19 cm. |
| 700 0# - ENTRADA AGREGADA--NOMBRE PERSONAL | |
| Nombre de persona | Almafuerte, |
| Fechas asociadas al nombre | 1854-1917 |
| 9 (RLIN) | 236057 |
| 852 ## - LOCALIZACIÓN | |
| Ubicación | ES-MaACL |
| Número de control de estantería | G-3276 |
| 942 ## - ELEMENTOS DE ENTRADA SECUNDARIOS (KOHA) | |
| Fuente del sistema de clasificación o colocación | Clasificación decimal universal |
| Estatus retirado | Estado de pérdida | Estado de daño | No para préstamo | Biblioteca de origen | Biblioteca actual | Ubicación en estantería | Fecha de adquisición | Fuente de adquisición | Total de préstamos | Signatura topográfica completa | Código de barras | Visto por última vez | Precio de reemplazo | Tipo de ítem Koha |
|---|---|---|---|---|---|---|---|---|---|---|---|---|---|---|
| Biblioteca del Ateneo de Madrid | Biblioteca del Ateneo de Madrid | Depósito 2 | 17/01/2008 | G-3276 | 1030754 | 23/02/2023 | 23/02/2023 | Libro impreso |
